La fractura en los materiales metálicos
La gran mayoría de herramientas y utillajes empleados actualmente para la fabricación de todo tipo de piezas están construidas en materiales metálicos, básicamente aceros al carbono, aceros para herramientas, aceros especiales, aceros rápidos y aceros pulvi-metalúrgicos.Naturalmente, todas estas her...
| Autor principal: | |
|---|---|
| Formato: | Desconocido |
| Idioma: | Indeterminado |
| Publicado: |
España
España
2014-10-20 12:37:00
|
| Temas: | |
| Acceso en línea: | Texto completo |
MARC
| LEADER | 00000 a2200000 4500 | ||
|---|---|---|---|
| 001 | ALPHAC_68411 | ||
| 003 | XX-XxUND | ||
| 008 | s2014 xx |||||||||||| ||||und d | ||
| 020 | |a 9788417994525 | ||
| 035 | |a 9788417994525 | ||
| 100 | 1 | |a Rivas, M. |e author | |
| 245 | 1 | |a La fractura en los materiales metálicos | |
| 260 | |a España |b España |c 2014-10-20 12:37:00 | ||
| 300 | |a 303 | ||
| 520 | |a La gran mayoría de herramientas y utillajes empleados actualmente para la fabricación de todo tipo de piezas están construidas en materiales metálicos, básicamente aceros al carbono, aceros para herramientas, aceros especiales, aceros rápidos y aceros pulvi-metalúrgicos.Naturalmente, todas estas herramientas están expuestas a sufrir diferentes tipos de problemas entre los que destacamos la fractura, en primer lugar, y el desgaste, en segundo lugar. | ||
| 650 | 4 | |a Acero,Fractura | |
| 754 | 1 | |a category |c Ingenierías | |
| 856 | 4 | |u https://alphaeditorialcloud.uam.elogim.com/reader/la-fractura-en-los-materiales-metalicos |z Texto completo | |


